| 000 | 00704nam a2200229 a 4500 | ||
|---|---|---|---|
| 999 |
_c9496 _d9496 |
||
| 001 | 9496 | ||
| 003 | BD-JhCC | ||
| 005 | 20180315130358.0 | ||
| 008 | 180315s2008 bg a|||| ||a| 000 0 ben d | ||
| 035 | _a(BD-JhCC)9496 | ||
| 040 |
_aBD-JhCC _dBD-JhCC |
||
| 041 | _aben | ||
| 082 |
_a920 _bHOS 2008 |
||
| 100 | _aহোসেন, আইয়ুব | ||
| 245 |
_aসাদা মনের মানুষ / _cআইয়ুবহোসেন এবং চারু হক |
||
| 260 |
_aঢাকা : _bমাওলা ব্রাদার্স, _c2008 |
||
| 300 |
_a143 p. : _c24 cm. |
||
| 650 | _aCollection of Biography | ||
| 700 | _aহক, চারু | ||
| 942 |
_2ddc _cBK |
||